• 首页
  • 本馆介绍
  • 公告通知
  • 最新文献
  • 馆藏检索
  • 电子资源
  • 读者导购
  • 参考咨询
  • 我的图书馆
  • 登录
  • 详细信息显示
  • 放入我的书架
  • 预约/预借图书
  • 作者相关作品
  • 分类相关作品
  • 丛书相关作品
  • 出版社相关作品

书目信息

  • 表格格式
  • 工作单格式
  • 卡片格式
题名:
拓扑空间中的反例
    
 
作者: 汪林 , 杨富春 编著
分册:  
出版信息: 北京   科学出版社  2000.06
页数: 246页
开本: 20cm
丛书名: 现代数学基础丛书
单 册:
中图分类: O189.11
科图分类:
主题词: 拓扑空间
电子资源:
ISBN: 7-03-008211-7
000 00651nam2 2200229 45
001 0109231580
005 20041119084142.2
010    @a7-03-008211-7@dCNY17.00
100    @a20010923d2000 km y0chiy0120 ea
101 0  @achi
105    @a z 000yy
200 1  @a拓扑空间中的反例@ATuo Pu Kong Jian Zhong De Fan Li@f汪林,杨富春编著@FWang Lin,Yang Fu Chun Bian Zhu
210    @a北京@c科学出版社@d2000.06
215    @a246页@d20cm
225    @a现代数学基础丛书
410    @12001 @a现代数学基础丛书
606 0  @a拓扑空间
690    @aO189.11@v4
701    @a汪林@4编著
701  0 @a杨富春@4编著
801    @aCN@bTSTC@c20020930
905    @dO189.11@e28
    
    拓扑空间中的反例/汪林,杨富春编著.-北京:科学出版社,2000.06
    246页;20cm.-(现代数学基础丛书)
    
    
    ISBN 7-03-008211-7:CNY17.00
    
●
相关链接 在E读中查询图书 在五车中查询图书 在当当中查询图书 在豆瓣中查询图书


正题名:拓扑空间中的反例     索取号:O189.11/28         预约/预借

序号 登录号 条形码 馆藏地/架位号 状态 备注
1 0314839   203148398   第三借阅区/ [索取号:O189.11/28] 在馆    
2 0314840   203148405   第三借阅区/ [索取号:O189.11/28] 在馆    
3 0314841   203148414   第三借阅区/ [索取号:O189.11/28] 在馆    
4 0314842   203148423   第三借阅区/ [索取号:O189.11/28] 在馆    
5 0314843   203148432   第二样本阅览室/ [索取号:O189.11/28] 在馆    
唐山师范学院图书馆 欢迎您!
大连网信软件有限公司© 版权所有